Akibat terlalu tamak

Bibliographic Details
Main Author: Zarinah Ismail
Format: Book
Published: Selangor : Penerbitan Pinang , 2006
Series:Siri mutiara sezaman
Subjects:

MARC

LEADER 00000cam a2200000 7i4500
001 0000000721
005 20220105103913.0
008 070703
020 |a 9830556344(set) 
020 |a 9830556360 
090 0 0 |a JP   |b MAL (596) 
100 0 |a Zarinah Ismail 
245 1 0 |a Akibat terlalu tamak   |c Zarinah Ismail 
260 |a Selangor :   |b Penerbitan Pinang ,   |c 2006 
440 |a Siri mutiara sezaman 
500 |a Children age 4-6 years old (yellow) 
650 0 |a Children's stories, Malay 
650 0 |a Malay fiction 
999 |a 0000955944   |b Book   |c Children Collection   |e Cawangan Tangkak 
999 |a 0000955945   |b Book   |c Children Collection   |e Cawangan Tangkak 
999 |a 0000957548   |b Book   |c Children Collection   |e Perbadanan Perpustakaan Awam Johor 
999 |a 0000957549   |b Book   |c Children Collection   |e Cawangan Bandar Tenggara 
999 |a 0000957551   |b Book   |c Children Collection   |e Cawangan Pontian